000
00259nam a2200097Ia 4500
082
_a
469.824 COOK
245
0
_a
Portuguese
100
_a
COOK, Manuela London, 2003 [New ed.]
_9
96508
942
_c
BK
008
210817s9999 xx 000 0 und d
999
_c
405722
_d
405721